O príčinách našej histórie

Bibliographic Details
Main Author: Puškárová, Mária, 1950- (Author)
Format: Article
Language:Slovak
ISSN:1210-1982
Subjects:

MARC

LEADER 00000nab a2200000 a 4500
001 vtls000752939
003 SK-MaSNL
005 20260305021335.0
008 180206c2001 xo 0 slo
015 |a SNBRB2001/03-09556 
035 |a CLN000104726 
040 |a SNKBUCL  |b slo  |c SNKBUCL  |e AACR2 
041 0 |a slo 
044 |a xo  |c SK 
080 |a 32-051(048)  |2 UDC-MRF-SK2 
080 |a 929 Štefánik, Milan Rastislav  |2 UDC-MRF-SK2 
100 1 |a Puškárová, Mária,  |d 1950-  |4 aut  |9 131605 
245 1 0 |a O príčinách našej histórie  |c Mária Puškárová 
600 1 7 |a Štefánik, Milan Rastislav,  |d 1880-1919  |2 snkbucl  |9 86219 
655 7 |a články z novín a časopisov  |2 snkbucl  |9 267496 
773 0 |x 1210-1982  |t Knižná revue  |g Roč. 11, č. 5 (2001), s. 5 
787 0 8 |i Rec.:  |a Husár, Jozef  |t Musel generál M.R. Štefánik zahynúť?  |d Bratislava : Jozef Husár, 2000  |z 8096834843  |w SK01SNK20000356693 
850 |a Slovenská národná knižnica v Martine 
852 |a SNK  |b KIS3GCP 
958 |a RBX 
999 |c 3285242  |d 3287172